<?xml version="1.0" encoding="UTF-8"?>
<record
    xmlns:xsi="http://www.w3.org/2001/XMLSchema-instance"
    xsi:schemaLocation="http://www.loc.gov/MARC21/slim http://www.loc.gov/standards/marcxml/schema/MARC21slim.xsd"
    xmlns="http://www.loc.gov/MARC21/slim">

  <leader>00839nam a22001577a 4500</leader>
  <controlfield tag="003">OSt</controlfield>
  <controlfield tag="005">20160705103612.0</controlfield>
  <controlfield tag="008">160705b        xxu||||| |||| 00| 0 eng d</controlfield>
  <datafield tag="040" ind1=" " ind2=" ">
    <subfield code="c">RUA</subfield>
  </datafield>
  <datafield tag="082" ind1=" " ind2=" ">
    <subfield code="a">LMA THO 2015 B498 Or.1</subfield>
  </datafield>
  <datafield tag="100" ind1=" " ind2=" ">
    <subfield code="9">8702</subfield>
    <subfield code="a">THON PANHAVATEY; &#x1790;&#x17C4;&#x1793; &#x1794;&#x1789;&#x17D2;&#x1789;&#x17B6;&#x179C;&#x178F;&#x17D2;&#x178F;&#x17B8;</subfield>
  </datafield>
  <datafield tag="245" ind1=" " ind2=" ">
    <subfield code="a">The dissemination procedure of systematic land registration process in sangkat kouk chak, krang siem reap, siem reap province; &#x1780;&#x17B6;&#x179A;&#x1795;&#x17D2;&#x179F;&#x1796;&#x17D2;&#x179C;&#x1795;&#x17D2;&#x179F;&#x17B6;&#x1799;&#x1796;&#x17B8;&#x1793;&#x17B8;&#x178F;&#x17B7;&#x179C;&#x17B7;&#x1792;&#x17B8;&#x1793;&#x17C3;&#x1780;&#x17B6;&#x179A;&#x1785;&#x17BB;&#x17C7;&#x1794;&#x1789;&#x17D2;&#x1787;&#x17B8;&#x178A;&#x17B8;&#x1792;&#x17D2;&#x179B;&#x17B8;&#x1798;&#x17B6;&#x1793;&#x179B;&#x1780;&#x17D2;&#x1781;&#x178E;&#x17C8;&#x1787;&#x17B6;&#x1794;&#x17D2;&#x179A;&#x1796;&#x17D0;&#x1793;&#x17D2;&#x1792;&#x1780;&#x17D2;&#x1793;&#x17BB;&#x1784;&#x179F;&#x1784;&#x17D2;&#x1780;&#x17B6;&#x178F;&#x17CB;&#x1782;&#x17C4;&#x1780;&#x1785;&#x1780; &#x1780;&#x17D2;&#x179A;&#x17BB;&#x1784;&#x179F;&#x17C0;&#x1798;&#x179A;&#x17B6;&#x1794; &#x1781;&#x17C1;&#x178F;&#x17D2;&#x178F;&#x179F;&#x17C0;&#x1798;&#x179A;&#x17B6;&#x1794;</subfield>
  </datafield>
  <datafield tag="260" ind1=" " ind2=" ">
    <subfield code="a">Phnom Penh</subfield>
    <subfield code="b">RUA</subfield>
    <subfield code="c">2015</subfield>
  </datafield>
  <datafield tag="300" ind1=" " ind2=" ">
    <subfield code="a">xi;56p.</subfield>
    <subfield code="b">ill.</subfield>
    <subfield code="c">29cm.</subfield>
  </datafield>
  <datafield tag="942" ind1=" " ind2=" ">
    <subfield code="2">ddc</subfield>
    <subfield code="c">LMA</subfield>
  </datafield>
  <datafield tag="999" ind1=" " ind2=" ">
    <subfield code="c">8346</subfield>
    <subfield code="d">8346</subfield>
  </datafield>
  <datafield tag="952" ind1=" " ind2=" ">
    <subfield code="0">0</subfield>
    <subfield code="1">0</subfield>
    <subfield code="2">ddc</subfield>
    <subfield code="4">0</subfield>
    <subfield code="6">LMA_THO_2015_000000000000000_B498_OR_1</subfield>
    <subfield code="7">0</subfield>
    <subfield code="9">48058</subfield>
    <subfield code="a">LBB</subfield>
    <subfield code="b">LBB</subfield>
    <subfield code="c">B498</subfield>
    <subfield code="d">2016-07-05</subfield>
    <subfield code="l">1</subfield>
    <subfield code="o">LMA THO 2015 B498 Or.1</subfield>
    <subfield code="p">RUA058333</subfield>
    <subfield code="r">2025-02-14</subfield>
    <subfield code="s">2025-02-10</subfield>
    <subfield code="w">2016-07-05</subfield>
    <subfield code="y">LMA</subfield>
  </datafield>
  <datafield tag="952" ind1=" " ind2=" ">
    <subfield code="0">0</subfield>
    <subfield code="1">0</subfield>
    <subfield code="2">ddc</subfield>
    <subfield code="4">0</subfield>
    <subfield code="6">LMA_THO_2015_000000000000000_B498_OR_2</subfield>
    <subfield code="7">0</subfield>
    <subfield code="9">48059</subfield>
    <subfield code="a">LBB</subfield>
    <subfield code="b">LBB</subfield>
    <subfield code="c">B498</subfield>
    <subfield code="d">2016-07-05</subfield>
    <subfield code="l">2</subfield>
    <subfield code="o">LMA THO 2015 B498 Or.2</subfield>
    <subfield code="p">RUA058391</subfield>
    <subfield code="r">2025-08-09</subfield>
    <subfield code="s">2025-04-29</subfield>
    <subfield code="w">2016-07-05</subfield>
    <subfield code="y">LMA</subfield>
  </datafield>
  <datafield tag="952" ind1=" " ind2=" ">
    <subfield code="0">0</subfield>
    <subfield code="1">0</subfield>
    <subfield code="2">ddc</subfield>
    <subfield code="4">0</subfield>
    <subfield code="6">LMA_THO_2015_000000000000000_B498_OR_3</subfield>
    <subfield code="7">0</subfield>
    <subfield code="9">48060</subfield>
    <subfield code="a">LBB</subfield>
    <subfield code="b">LBB</subfield>
    <subfield code="c">B498</subfield>
    <subfield code="d">2016-07-05</subfield>
    <subfield code="l">1</subfield>
    <subfield code="o">LMA THO 2015 B498 Or.3</subfield>
    <subfield code="p">RUA058331</subfield>
    <subfield code="r">2022-01-25</subfield>
    <subfield code="s">2021-12-14</subfield>
    <subfield code="w">2016-07-05</subfield>
    <subfield code="y">LMA</subfield>
  </datafield>
  <datafield tag="952" ind1=" " ind2=" ">
    <subfield code="0">0</subfield>
    <subfield code="1">0</subfield>
    <subfield code="2">ddc</subfield>
    <subfield code="4">0</subfield>
    <subfield code="6">LMA_THO_2015_000000000000000_B498_OR_4</subfield>
    <subfield code="7">0</subfield>
    <subfield code="9">48061</subfield>
    <subfield code="a">LBB</subfield>
    <subfield code="b">LBB</subfield>
    <subfield code="c">B498</subfield>
    <subfield code="d">2016-07-05</subfield>
    <subfield code="o">LMA THO 2015 B498 Or.4</subfield>
    <subfield code="p">RUA058271</subfield>
    <subfield code="r">2016-07-05</subfield>
    <subfield code="w">2016-07-05</subfield>
    <subfield code="y">LMA</subfield>
  </datafield>
  <datafield tag="952" ind1=" " ind2=" ">
    <subfield code="0">0</subfield>
    <subfield code="1">0</subfield>
    <subfield code="2">ddc</subfield>
    <subfield code="4">0</subfield>
    <subfield code="6">LMA_THO_2015_000000000000000_B498_OR_5</subfield>
    <subfield code="7">0</subfield>
    <subfield code="9">48062</subfield>
    <subfield code="a">LBB</subfield>
    <subfield code="b">LBB</subfield>
    <subfield code="c">B498</subfield>
    <subfield code="d">2016-07-05</subfield>
    <subfield code="l">1</subfield>
    <subfield code="o">LMA THO 2015 B498 Or.5</subfield>
    <subfield code="p">RUA059450</subfield>
    <subfield code="r">2025-04-07</subfield>
    <subfield code="s">2025-03-31</subfield>
    <subfield code="w">2016-07-05</subfield>
    <subfield code="y">LMA</subfield>
  </datafield>
  <datafield tag="952" ind1=" " ind2=" ">
    <subfield code="0">0</subfield>
    <subfield code="1">0</subfield>
    <subfield code="2">ddc</subfield>
    <subfield code="4">0</subfield>
    <subfield code="6">LMA_THO_2015_000000000000000_B498_OR_6</subfield>
    <subfield code="7">0</subfield>
    <subfield code="9">48063</subfield>
    <subfield code="a">LBB</subfield>
    <subfield code="b">LBB</subfield>
    <subfield code="c">B498</subfield>
    <subfield code="d">2016-07-05</subfield>
    <subfield code="l">4</subfield>
    <subfield code="o">LMA THO 2015 B498 Or.6</subfield>
    <subfield code="p">RUA057055</subfield>
    <subfield code="r">2018-07-09</subfield>
    <subfield code="s">2018-06-25</subfield>
    <subfield code="w">2016-07-05</subfield>
    <subfield code="y">LMA</subfield>
  </datafield>
  <datafield tag="952" ind1=" " ind2=" ">
    <subfield code="0">0</subfield>
    <subfield code="1">0</subfield>
    <subfield code="2">ddc</subfield>
    <subfield code="4">0</subfield>
    <subfield code="6">LMA_THO_2015_000000000000000_B498_OR_7</subfield>
    <subfield code="7">0</subfield>
    <subfield code="9">48064</subfield>
    <subfield code="a">LBB</subfield>
    <subfield code="b">LBB</subfield>
    <subfield code="c">B498</subfield>
    <subfield code="d">2016-07-05</subfield>
    <subfield code="l">1</subfield>
    <subfield code="o">LMA THO 2015 B498 Or.7</subfield>
    <subfield code="p">RUA058091</subfield>
    <subfield code="r">2024-07-12</subfield>
    <subfield code="s">2024-06-21</subfield>
    <subfield code="w">2016-07-05</subfield>
    <subfield code="y">LMA</subfield>
  </datafield>
  <datafield tag="952" ind1=" " ind2=" ">
    <subfield code="0">0</subfield>
    <subfield code="1">0</subfield>
    <subfield code="2">ddc</subfield>
    <subfield code="4">0</subfield>
    <subfield code="6">LMA_THO_2015_000000000000000_B498_OR_8</subfield>
    <subfield code="7">0</subfield>
    <subfield code="9">48065</subfield>
    <subfield code="a">LBB</subfield>
    <subfield code="b">LBB</subfield>
    <subfield code="c">B498</subfield>
    <subfield code="d">2016-07-05</subfield>
    <subfield code="l">3</subfield>
    <subfield code="o">LMA THO 2015 B498 Or.8</subfield>
    <subfield code="p">RUA058090</subfield>
    <subfield code="r">2025-08-05</subfield>
    <subfield code="s">2025-06-27</subfield>
    <subfield code="w">2016-07-05</subfield>
    <subfield code="y">LMA</subfield>
  </datafield>
</record>
